Most Streamed Artists on Spotify (July 4, 2025) - Statistics

General Stats
  • This quiz has been taken 204 times
  • The average score is 35 of 100
Answer Stats
Placement Artist % Correct
#8 Taylor Swift
92%
#12 Drake
88%
#2 The Weeknd
80%
#11 Kendrick Lamar
78%
#9 Bad Bunny
74%
#1 Bruno Mars
74%
#14 Ariana Grande
73%
#10 Justin Bieber
73%
#3 Lady Gaga
72%
#17 Sabrina Carpenter
70%
#28 Kanye West
68%
#4 Ed Sheeran
67%
#7 Rihanna
67%
#33 Beyoncé
66%
#5 Billie Eilish
63%
#25 Eminem
61%
#66 Olivia Rodrigo
59%
#6 Coldplay
56%
#16 SZA
54%
#22 Katy Perry
53%
#43 Adele
52%
#60 Michael Jackson
52%
#51 Queen
52%
#20 Dua Lipa
51%
#65 Selena Gomez
50%
#62 Nicki Minaj
49%
#27 Travis Scott
49%
#54 Harry Styles
44%
#23 Shakira
44%
#80 Tyler, The Creator
44%
#50 Lil Wayne
43%
#31 Miley Cyrus
43%
#21 Post Malone
42%
#13 David Guetta
40%
#70 Justin Timberlake
40%
#77 One Direction
39%
#41 Future
38%
#96 Madonna
38%
#90 Chappell Roan
37%
#35 Benson Boone
36%
#89 Britney Spears
36%
#15 Calvin Harris
36%
#18 Maroon 5
36%
#36 Tate McRae
36%
#63 Camila Cabello
35%
#73 Shawn Mendes
35%
#46 Doja Cat
33%
#30 Lana Del Rey
33%
#92 ROSÉ
32%
#19 J Balvin
31%
#87 21 Savage
30%
#56 Playboi Carti
30%
#34 Imagine Dragons
29%
#61 Kesha
29%
#24 Pitbull
29%
#48 Sam Smith
29%
#26 Sia
29%
#97 Morgan Wallen
28%
#53 The Chainsmokers
28%
#58 Elton John
26%
#64 Hozier
26%
#42 Alex Warren
25%
#85 Metro Boomin
24%
#40 Arctic Monkeys
23%
#88 Gracie Abrams
23%
#55 Halsey
23%
#38 Daddy Yankee
22%
#37 KAROL G
22%
#44 OneRepublic
21%
#95 Charlie Puth
20%
#29 Chris Brown
20%
#76 USHER
18%
#79 Wiz Khalifa
18%
#67 Ozuna
17%
#68 sombr
17%
#32 Black Eyed Peas
16%
#82 Fleetwood Mac
16%
#78 JENNIE
16%
#49 Khalid
16%
#45 Linkin Park
16%
#47 Teddy Swims
15%
#72 Maluma
14%
#39 Marshmello
14%
#91 Red Hot Chili Peppers
13%
#84 DJ Snake
12%
#93 Flo Rida
12%
#57 Sean Paul
12%
#74 Ellie Goulding
11%
#99 Ty Dolla $ign
10%
#52 Rauw Alejandro
9%
#59 Arijit Singh
6%
#81 Peso Pluma
6%
#94 Farruko
5%
#75 Ne-Yo
5%
#71 Shreya Ghoshal
5%
#100 Tiësto
5%
#86 Don Omar
4%
#69 Pritam
4%
#83 A.R. Rahman
3%
#98 Myke Towers
2%
No matching quizzes found
Score Distribution
Percent of People with Each Score
Percentile by Number Answered
Your Score History
You have not taken this quiz